| 000 | 00853nam a2200277Ia 4500 | ||
|---|---|---|---|
| 003 | OSt | ||
| 005 | 20221007124526.0 | ||
| 006 | a|||||r|||| 00| 0 | ||
| 007 | ta | ||
| 008 | 221006b |||||||| |||| 00| 0 eng d | ||
| 020 | _a9788130918938 (pbk) | ||
| 024 | _a190001 | ||
| 037 |
_b280, 24/03/2014, N R Book Distributors _cTextual |
||
| 040 |
_aCDL _cCDL _beng |
||
| 041 |
_2eng _aeng |
||
| 082 | _aCN2, L6;P3-;1 Carc | ||
| 100 |
_aMcQuarrie Donald A _9452383 |
||
| 245 | 0 | _aStatistical mechanics | |
| 260 |
_aNew _bDelhi Viva books _c2003 |
||
| 300 |
_axiv,641p. _ccm. |
||
| 500 | _aAppendix 593-630p.; Index 631-641p. | ||
| 650 | _a Statistical mechanics | ||
| 650 | _aChemistry | ||
| 942 |
_hCN2, L6;P3-;1 Carc _cTEXL _2CC |
||
| 999 |
_c1213665 _d1213665 |
||